Modern-Day Countries of the Afsharid Dynasty - Statistics

General Stats
  • This quiz has been taken 58 times
  • The average score is 13 of 14
Answers on the Map
Answers color-coded by a green-red scale on the quiz's map according to % correct below.
 
Answer Stats
Country % Correct
Iran
100%
Pakistan
98%
Afghanistan
96%
Armenia
96%
Azerbaijan
96%
Georgia
96%
Iraq
96%
Turkmenistan
92%
Uzbekistan
92%
Kuwait
90%
Russia
88%
Syria
81%
United Arab Emirates
79%
Oman
73%
No matching quizzes found
Score Distribution
Percent of People with Each Score
Percentile by Number Answered
Your Score History
You have not taken this quiz